000 00431nam a2200133Ia 4500
005 20260328104258.0
008 260328s9999||||xx |||||||||||||| ||und||
100 _aAngulo Guerra, Francisco
245 0 _aCubiertas en la Arquitectura Colonial y rePublicana de cartagena ,turbaco y arjona /
_cFrancisco Angulo Guerra
260 _bUniversidad de Bogotá Jorge Tadeo Lozano
300 _a241 p.
650 _aCOLOMBIA
942 _cBK
999 _c10496
_d10496